书目信息 |
| 题名: |
新中式家具图集
|
|
| 作者: | 康海飞 编著 | |
| 分册: | ||
| 出版信息: | 北京 中国建筑工业出版社 2014 |
|
| 页数: | 320页 | |
| 开本: | 29cm | |
| 丛书名: | ||
| 单 册: | ||
| 中图分类: | TS666.2-64 , TS666 | |
| 科图分类: | ||
| 主题词: | 家具--jia ju--中国--图集 | |
| 电子资源: | ||
| ISBN: | 978-7-112-16061-7 | |
| 000 | 01064nam0 2200265 450 | |
| 001 | 2346458678 | |
| 005 | 20231218142539.03 | |
| 010 | @a978-7-112-16061-7@b精装@dCNY98.00 | |
| 010 | @a978-7-89475-381-6@b光盘 | |
| 100 | @a20130318d2014 em y0chiy50 ea | |
| 101 | 0 | @achi |
| 102 | @aCN@b110000 | |
| 105 | @aa z 000yy | |
| 200 | 1 | @a新中式家具图集@Axin zhong shi jia ju tu ji@f康海飞编著 |
| 210 | @a北京@c中国建筑工业出版社@d2014 | |
| 215 | @a320页@c图@d29cm | |
| 312 | @a英文并列题名取自封面 | |
| 330 | @a本书内容包括门厅、客厅、中堂、餐厅、卧室、书房、起居室、休闲室各类家具, 还介绍了海派中式家具, 并附有大量的家具纹样。每件家具均用主视图、左视图、俯视图及透视图表示。为便于读者制作, 每页图纸均标有比例尺供参考。并附光盘1张。本书对家具生产、科学技术与艺术文化研究提供了宝贵的参考资料。 | |
| 510 | 1 | @aGraphic collection of new Chinese style furniture@zeng |
| 606 | 0 | @a家具@Ajia ju@y中国@j图集 |
| 690 | @aTS666.2-64@v5 | |
| 690 | @aTS666@v4 | |
| 701 | 0 | @a康海飞@Akang hai fei@4编著 |
| 801 | 0 | @aCN@b湖北三新@c20140320 |
| 905 | @aZUCC@dTS666@e5 | |
| 新中式家具图集/康海飞编著.-北京:中国建筑工业出版社,2014 |
| 320页:图;29cm |
| ISBN 978-7-112-16061-7(精装):CNY98.00 |
| 本书内容包括门厅、客厅、中堂、餐厅、卧室、书房、起居室、休闲室各类家具, 还介绍了海派中式家具, 并附有大量的家具纹样。每件家具均用主视图、左视图、俯视图及透视图表示。为便于读者制作, 每页图纸均标有比例尺供参考。并附光盘1张。本书对家具生产、科学技术与艺术文化研究提供了宝贵的参考资料。 |
| ● |
| 相关链接 |
|
|
|
正题名:新中式家具图集
索取号:TS666/5
 
预约/预借
| 序号 | 登录号 | 条形码 | 馆藏地/架位号 | 状态 | 备注 |
| 1 | 2001368730 | 2001368730 | 三新/湖北三新(第三批)/2142/ [索取号:TS666/5] | 在馆 | |
| 2 | 2001368731 | 2001368731 | 三新/湖北三新(第三批)/2142/ [索取号:TS666/5] | 在馆 | |
| 3 | 2001368732 | 2001368732 | 三新/湖北三新(第三批)/2142/ [索取号:TS666/5] | 在馆 | |
| 4 | 2001368733 | 2001368733 | 三新/湖北三新(第三批)/2142/ [索取号:TS666/5] | 在馆 | |
| 5 | 2001368734 | 2001368734 | 三新/湖北三新(第三批)/2142/ [索取号:TS666/5] | 在馆 | |
| 6 | 2001368735 | 2001368735 | 三新/湖北三新(第三批)/2142/ [索取号:TS666/5] | 在馆 | |
| 7 | 2001368736 | 2001368736 | 三新/湖北三新(第三批)/2143/ [索取号:TS666/5] | 在馆 | |
| 8 | 2001368737 | 2001368737 | 三新/湖北三新(第三批)/2143/ [索取号:TS666/5] | 在馆 | |
| 9 | 2001368738 | 2001368738 | 三新/湖北三新(第三批)/2143/ [索取号:TS666/5] | 在馆 | |
| 10 | 2001368739 | 2001368739 | 三新/湖北三新(第三批)/2143/ [索取号:TS666/5] | 在馆 | |
| 11 | 2001368740 | 2001368740 | 三新/湖北三新(第三批)/2143/ [索取号:TS666/5] | 在馆 | |
| 12 | 2001368741 | 2001368741 | 三新/湖北三新(第三批)/2143/ [索取号:TS666/5] | 在馆 | |
| 13 | 2001368742 | 2001368742 | 三新/湖北三新(第三批)/2143/ [索取号:TS666/5] | 在馆 | |
| 14 | 2001368743 | 2001368743 | 三新/湖北三新(第三批)/2143/ [索取号:TS666/5] | 在馆 | |
| 15 | 2001368744 | 2001368744 | 三新/湖北三新(第三批)/2143/ [索取号:TS666/5] | 在馆 | |
| 16 | 2001368745 | 2001368745 | 三新/湖北三新(第三批)/2143/ [索取号:TS666/5] | 在馆 | |
| 17 | 2001370046 | 2001370046 | 三新/湖北三新(第三批)/2180/ [索取号:TS666/5] | 在馆 | |
| 18 | 2001370047 | 2001370047 | 三新/湖北三新(第三批)/2180/ [索取号:TS666/5] | 在馆 | |
| 19 | 2001370048 | 2001370048 | 三新/湖北三新(第三批)/2180/ [索取号:TS666/5] | 在馆 | |
| 20 | 2001370049 | 2001370049 | 三新/湖北三新(第三批)/2180/ [索取号:TS666/5] | 在馆 | |
| 21 | 2001370050 | 2001370050 | 三新/湖北三新(第三批)/2180/ [索取号:TS666/5] | 在馆 | |
| 22 | 2001370051 | 2001370051 | 三新/湖北三新(第三批)/2180/ [索取号:TS666/5] | 在馆 | |
| 23 | 2001370052 | 2001370052 | 三新/湖北三新(第三批)/2180/ [索取号:TS666/5] | 在馆 | |
| 24 | 2001370053 | 2001370053 | 三新/湖北三新(第三批)/2180/ [索取号:TS666/5] | 在馆 | |
| 25 | 2001370054 | 2001370054 | 三新/湖北三新(第三批)/2180/ [索取号:TS666/5] | 在馆 | |
| 26 | 2001370055 | 2001370055 | 三新/湖北三新(第三批)/2180/ [索取号:TS666/5] | 在馆 | |
| 27 | 2001370056 | 2001370056 | 三新/湖北三新(第三批)/2180/ [索取号:TS666/5] | 在馆 | |
| 28 | 2001370057 | 2001370057 | 三新/湖北三新(第三批)/2180/ [索取号:TS666/5] | 在馆 | |
| 29 | 2001370058 | 2001370058 | 三新/湖北三新(第三批)/2180/ [索取号:TS666/5] | 在馆 | |
| 30 | 2001370059 | 2001370059 | 三新/湖北三新(第三批)/2180/ [索取号:TS666/5] | 在馆 |